000 00628nam a2200205 i 4500
001 87371
003 ES-MaACL
005 20230906175646.0
007 t|
008 041221s1968 sp ||||1| spa d
100 1 _aKohler, Mariane.
_968482
245 1 0 _a101 recetas para dormir bien /
_cMariane Kohler, Jean Chapelle ; [traductor: J. Pich de Prats].
250 _a[1ยช ed.].
260 _aBarcelona :
_bToray,
_c1968.
300 _a213 p. ;
_c22 cm.
700 1 _aChapelle, Jean.
_938012
700 1 _aPich de Prats, J.
_991824
740 0 _aCiento y una recetas para dormir bien.
852 _aES-MaACL
_jC-34378
_bR.65464
999 _c87371
_d87371